书目信息 |
| 题名: |
官宦人家
|
|
| 作者: | 显晔 著 | |
| 分册: | ||
| 出版信息: | 天津 百花文艺出版社 2002.01 |
|
| 页数: | 472页 | |
| 开本: | 21cm | |
| 丛书名: | ||
| 单 册: | ||
| 中图分类: | I247.5 | |
| 科图分类: | ||
| 主题词: | 长篇小说--中国--当代 | |
| 电子资源: | ||
| ISBN: | 7-5306-3254-X | |
| 000 | 00679nam0 2200205 45 | |
| 005 | 20041014091225.94 | |
| 010 | @a7-5306-3254-X@dCNY 23.00 | |
| 100 | @a20021010e2002 ekmy0chiy0121 ea | |
| 101 | 0 | @achi |
| 102 | @aCN@b120000 | |
| 105 | @ay z 000ay | |
| 200 | 1 | @a官宦人家@Aguan huan ren jia@f显晔著 |
| 210 | @a天津@c百花文艺出版社@d2002.01@h2002.2重印 | |
| 215 | @a472页@d21cm | |
| 330 | @a本书揭露了剥削阶级的丑恶一面,无情地鞭挞了地主阶级的残酷与黑暗,同时也倒出了豪宅内的部一个个女人追求“爱情”的心声与不幸遭遇。 | |
| 606 | 0 | @a长篇小说@y中国@z当代 |
| 690 | @aI247.5@v3 | |
| 701 | 0 | @a显晔@Axian ye@4著 |
| 801 | 0 | @aCN@bQSSKf@c20041014 |
| 905 | @a10447@dI247.5@eX248 | |
| 官宦人家/显晔著.-天津:百花文艺出版社,2002.01(2002.2重印) |
| 472页;21cm |
| ISBN 7-5306-3254-X:CNY 23.00 |
| 本书揭露了剥削阶级的丑恶一面,无情地鞭挞了地主阶级的残酷与黑暗,同时也倒出了豪宅内的部一个个女人追求“爱情”的心声与不幸遭遇。 |
| ● |
| 相关链接 |
|
|
|
正题名:官宦人家
索取号:I247.5/X248
 
预约/预借
| 序号 | 登录号 | 条形码 | 馆藏地/架位号 | 状态 | 备注 |
| 1 | 420298 | 204202987 | 社科二线400B/400B社科库 18排1列1层/ [索取号:I247.5/X248] | 在馆 | |
| 2 | 420299 | 204202996 | 社科二线422/422社科库 7排2列3层/ [索取号:I247.5/X248] | 在馆 | |
| 3 | 420300 | 204203003 | 文学库108/ [索取号:I247.5/X248] | 在馆 |